| 000 | 01439cam a22004094a 4500 | ||
|---|---|---|---|
| 001 | muse30272 | ||
| 003 | MdBmJHUP | ||
| 005 | 20210127151029.0 | ||
| 006 | m o d | ||
| 007 | cr||||||||nn|n | ||
| 008 | 890426s1989 ncu o 00 0 eng d | ||
| 010 | _z 89084405 | ||
| 020 | _a9780944318676 | ||
| 020 | _z0944318037 (alk. paper) | ||
| 035 | _a(OCoLC)555701889 | ||
| 040 |
_aMdBmJHUP _cMdBmJHUP |
||
| 050 | 0 | 4 |
_aZ8076 _b.M37 1989 _aPR4076 |
| 082 | 0 |
_a016.828/91209 _220 |
|
| 100 | 1 | _aMarkgraf, Carl. | |
| 245 | 1 | 0 |
_aJ. M. Barrie _bAn Annotated Secondary Bibliography / _cCarl Markgraf. |
| 264 | 1 | _bELT Press, | |
| 264 | 3 | _bProject MUSE, | |
| 300 |
_a1 online resource (xxv, 439 p.) : _bill. ; |
||
| 506 | 0 |
_aOpen Access _fUnrestricted online access _2star |
|
| 588 | _aDescription based on print version record. | ||
| 600 | 1 | 1 |
_aBarrie, J. M. _q(James Matthew), _d1860-1937 _xBibliography. |
| 655 | 7 |
_aElectronic books. _2local |
|
| 710 | 2 |
_aProject Muse. _edistributor |
|
| 830 | 0 | _aBook collections on Project MUSE. | |
| 856 | 4 | 0 |
_zFull text available: _uhttps://muse.jhu.edu/book/25281/ |
| 945 | _aProject MUSE - Archive Literature Supplement II | ||
| 945 | _aProject MUSE - Archive Complete Supplement II | ||
| 999 |
_c24374 _d24374 |
||